| 000 | 00373nam a22001577a 4500 | ||
|---|---|---|---|
| 003 | MACL | ||
| 005 | 20160115145054.0 | ||
| 008 | 160115b xxu||||| |||| 00| 0 eng d | ||
| 040 | _cMACL | ||
| 041 | _aEnglish | ||
| 082 | _a920/PAR | ||
| 100 |
_aParashar Riddhi _932617 |
||
| 245 | _aThree Rreat Warriors | ||
| 260 |
_aNoida _bAcumen Publication _c2010 |
||
| 942 |
_2ddc _cBK |
||
| 999 |
_c52459 _d52459 |
||